|
|
|
|
| LEADER |
00000nab a2200000 a 4500 |
| 001 |
vtls000313999 |
| 003 |
SK-MaSNL |
| 005 |
20260304082644.0 |
| 008 |
250424c1978 xo 0 slo |
| 015 |
|
|
|a SNBRB19rr/mm-uuuuu
|
| 035 |
|
|
|a CL0004091
|
| 035 |
|
|
|a urn:nbn:sk:snk-abdn5y
|
| 035 |
|
|
|a (urnnbn)urn:nbn:sk:snk:ar-001488
|
| 035 |
|
|
|a (uuid)e0015f08-8963-4054-8474-03db718172ea
|
| 040 |
|
|
|a SNKBUCL
|b slo
|c SNKBUCL
|e AACR2
|
| 041 |
0 |
|
|a slo
|
| 044 |
|
|
|a xo
|c SK
|
| 080 |
|
|
|a 792
|2 1981
|
| 100 |
1 |
|
|a Kocúriková, Zuzana,
|d 1948-
|4 aut
|9 113071
|
| 245 |
1 |
0 |
|a Prípad krásnej cudzinky alebo Zuzana je sama doma
|c Zuzana Kocúriková, E. Ťapajová
|
| 300 |
|
|
|b Obr. 8.
|
| 600 |
1 |
7 |
|a Kocúriková, Zuzana,
|d 1948-
|2 snkbucl
|9 113071
|
| 655 |
|
7 |
|a články z novín a časopisov
|2 snkbucl
|9 267496
|
| 700 |
1 |
|
|a Ťapajová, Elena,
|d 1944-2023
|4 aut
|9 5234
|
| 773 |
0 |
|
|t Film a divadlo
|g Roč. 22, č. 3 (1978), s. 18-21
|
| 850 |
|
|
|a Slovenská národná knižnica
|
| 852 |
|
|
|a Slovenská národná knižnica
|
| 954 |
|
|
|a odborná, vedecká literatúra pôvodná (slovenská)
|2 lita
|
| 958 |
|
|
|a article19
|
| 958 |
|
|
|a OND
|
| 958 |
|
|
|a RK
|
| 958 |
|
|
|a EUIPO
|
| 992 |
|
|
|a RBX
|
| 999 |
|
|
|c 2797613
|d 2799543
|